LDR 00987naa#a2200181#i#450# 001 EN\\bibl\19773 005 20260603041545.3 100 ## _a20260601b2026####ek#y0engy0150####ca 102 ## _aRU 200 1# _aANALYSIS OF THE INFLUENCE OF «PERVOMAYSKY CEMENT PLANT» ON ATMOSPHERIC AIR QUALITY _eConference article/thesis 210 1# _aVoronezh _cFSBE Institution of Higher Education Voronezh State University of Forestry and Technologies named after G.F. Morozov _d2026 215 ## _a5 с. 608 ## _aConference article/thesis _2local 675 ## _aПромышленность вяжущих: извести, гипса, цемента и т. д. Строительные растворы и смеси. Производство бетонных и железобетонных изделий. 666.9 _aЗагрязнение атмосферы. Загрязнение воздуха. 504.3.054 _z 700 #1 _aPelich _gA. N. 700 #1 _aParahnevich _gT. M. 700 #1 _aKirik _gA. I. 856 4# _abibl.vgltu.ru _u